000 00377nam a2200157Ia 4500
008 230711s9999||||xx |||||||||||||| ||und||
041 _aENG
082 _a720
_bWH-M
100 _aWhite Star S.P.A
245 0 _aMasterpieces of modern Architecture
250 _a1st . Ed.
260 _c2006
_aItaly
_bVMB Publications
300 _a191
650 _aArchitecture
942 _cBK
999 _c5052
_d5052